000 01552cam a2200409 i 4500
001 data
005 20260322212110.0
008 data
035 _a20614782
906 _a7
_bcbc
_ccopycat
_d3
_encip
_f20
_gy-gencatlg
925 0 _aacquire
_b1 shelf copy
_xpolicy default
955 _ebe24 2020-04-16 (telework episodic)
010 _a 2018423929
020 _a9788416978731
020 _a8416978735
035 _a(OCoLC)1046933808
040 _aC3L
_beng
_erda
_cC3L
_dDLC
_dOCLCF
_dZYU
_dDLC
_dDLC
042 _alccopycat
050 0 0 _aBX1583
_b.D4 2018
245 0 0 _aDe la historia eclesiástica a la historia religiosa :
_bestudios en homenaje al profesor Feliciano Montero García /
_ced., Julio de la Cueva Merino.
264 1 _aAlcalá de Henares :
_bUniversidad de Alcalá,
_c2018.
300 _a708 pages ;
_c24 cm.
336 _atext
_btxt
_2rdacontent
337 _aunmediated
_bn
_2rdamedia
338 _avolume
_bnc
_2rdacarrier
490 0 _aObras colectivas humanidades
500 _aCollected essays.
500 _aSeries statement on title page :"obras coleccitvas" misspelled.
650 0 _aChurch history.
650 7 _aChurch history.
_2fast
_0(OCoLC)fst00860740
651 0 _aSpain
_xChurch history.
651 7 _aSpain.
_2fast
_0(OCoLC)fst01204303
655 7 _aChurch history.
_2fast
_0(OCoLC)fst01411629
700 1 _aCueva Merino, Julio de la.
923 _d20180730
_n209339
_sSP-BaPL
985 _eVENDOR LOAD
999 _c1644
_d1644